[Event "25th Klatovy A 2017"]
[Site "Klatovy CZE"]
[Date "2017.07.04"]
[Round "4.2"]
[White "Formanek, Martin"]
[Black "Neuman, Petr"]
[Result "0-1"]
[WhiteElo "2273"]
[BlackElo "2442"]
[PlyCount "60"]
[EventDate "2017.07.01"]
[EventType "swiss"]
[EventRounds "9"]
[EventCountry "CZE"]
[SourceTitle "EXT 2018"]
[Source "ChessBase"]
[SourceDate "2017.10.13"]
[SourceVersion "1"]
[SourceVersionDate "2017.10.13"]
[SourceQuality "1"]

1. e4 c5 2. Nc3 g6 3. f4 Bg7 4. Nf3 d6 5. Bb5+ Bd7 6. Bxd7+ Qxd7 7. d3 Nc6 8. O-O Nf6 9. Bd2 O-O 10. Qe1 Rac8 11. Rc1 Nd4 12. Nd1 Nxf3+ 13. Rxf3 c4 14. d4 d5 15. e5 Ne4 16. f5 gxf5 17. Ne3 e6 18. Bb4 Rfe8 19. g4 f6 20. gxf5 fxe5 21. fxe6 Rxe6 22. Nf5 a5 23. Ba3 Rce8 24. Qxa5 b6 25. Qe1 Rf6 26. Ne7+ Rxe7 27. Rxf6 Bxf6 28. Bxe7 Qg4+ 29. Kh1 Qf3+ 30. Kg1 Bxe7 0-1

[Event "25th Klatovy A 2017"]
[Site "Klatovy CZE"]
[Date "2017.07.04"]
[Round "4.3"]
[White "Lacina, Adolf"]
[Black "Weber, Dirk"]
[Result "1/2-1/2"]
[WhiteElo "2237"]
[BlackElo "2269"]
[PlyCount "103"]
[EventDate "2017.07.01"]
[EventType "swiss"]
[EventRounds "9"]
[EventCountry "CZE"]
[SourceTitle "EXT 2018"]
[Source "ChessBase"]
[SourceDate "2017.10.13"]
[SourceVersion "1"]
[SourceVersionDate "2017.10.13"]
[SourceQuality "1"]

1. e4 c5 2. Nf3 e6 3. d4 cxd4 4. Nxd4 a6 5. Be2 Nf6 6. Nc3 Qc7 7. O-O d6 8. a4 b6 9. f4 Bb7 10. Bf3 h5 11. f5 e5 12. Nb3 Nbd7 13. Bg5 Be7 14. Qd2 O-O-O 15. Rfd1 Kb8 16. Nc1 Rc8 17. Kh1 g6 18. fxg6 fxg6 19. Nd3 Qd8 20. Nb4 Rc4 21. Bxf6 Nxf6 22. Ncd5 Nxd5 23. Nxd5 g5 24. b3 Rd4 25. Qf2 g4 26. Rxd4 exd4 27. Be2 Bxd5 28. exd5 Rf8 29. Qg3 Qc7 30. Bc4 a5 31. Qd3 Bf6 32. Rf1 Qg7 33. Bb5 Be5 34. Bc6 Ka7 35. Rxf8 Qxf8 36. Qh7+ Bg7 37. Kg1 Qe7 38. Kf1 Qg5 39. Qe4 h4 40. g3 hxg3 41. hxg3 Be5 42. Qh7+ Bg7 43. Qe4 Be5 44. Ke2 Qe3+ 45. Qxe3 dxe3 46. Kxe3 Bxg3 47. Bd7 Be1 48. Bxg4 Kb8 49. Kd3 Kc7 50. Kc4 Bd2 51. c3 Be1 52. Bf5 1/2-1/2

[Event "25th Klatovy A 2017"]
[Site "Klatovy CZE"]
[Date "2017.07.04"]
[Round "4.4"]
[White "Novotny, Michal"]
[Black "Toman, Ondrej"]
[Result "1-0"]
[WhiteElo "2264"]
[BlackElo "2206"]
[PlyCount "95"]
[EventDate "2017.07.01"]
[EventType "swiss"]
[EventRounds "9"]
[EventCountry "CZE"]
[SourceTitle "EXT 2018"]
[Source "ChessBase"]
[SourceDate "2017.10.13"]
[SourceVersion "1"]
[SourceVersionDate "2017.10.13"]
[SourceQuality "1"]

1. e4 c6 2. Nc3 d5 3. Qf3 Nf6 4. e5 Nfd7 5. Qg3 e6 6. f4 c5 7. Nf3 a6 8. Be2 Nc6 9. O-O g6 10. b3 b5 11. Bb2 Bb7 12. a4 b4 13. Nxd5 exd5 14. e6 Nf6 15. Ng5 fxe6 16. Nxe6 Qe7 17. Bxf6 Qxf6 18. Nc7+ Kd8 19. Nxa8 Nd4 20. Bd3 Nf5 21. Bxf5 gxf5 22. Nb6 Qxb6 23. Qg5+ Be7 24. Qxf5 Qf6 25. Qxf6 Bxf6 26. Rae1 Re8 27. Kf2 c4 28. Rxe8+ Kxe8 29. g4 cxb3 30. cxb3 d4 31. d3 Bd5 32. Rb1 h6 33. Kg3 Kf7 34. h4 Kg6 35. Rc1 Be7 36. a5 Kf7 37. g5 hxg5 38. hxg5 Bxb3 39. Rc6 Bf8 40. f5 Ba4 41. Rxa6 Bb5 42. g6+ Kg8 43. Ra8 Bxd3 44. Kf4 b3 45. Rb8 b2 46. Rxb2 Bh6+ 47. Ke5 Ba6 48. f6 1-0

[Event "25th Klatovy A 2017"]
[Site "Klatovy CZE"]
[Date "2017.07.04"]
[Round "4.5"]
[White "Miesbauer, Jan"]
[Black "Jurek, Josef"]
[Result "1/2-1/2"]
[WhiteElo "2186"]
[BlackElo "2263"]
[PlyCount "91"]
[EventDate "2017.07.01"]
[EventType "swiss"]
[EventRounds "9"]
[EventCountry "CZE"]
[SourceTitle "EXT 2018"]
[Source "ChessBase"]
[SourceDate "2017.10.13"]
[SourceVersion "1"]
[SourceVersionDate "2017.10.13"]
[SourceQuality "1"]

1. e4 e6 2. d4 d5 3. Nd2 c5 4. Ngf3 cxd4 5. Nxd4 Nc6 6. Nxc6 bxc6 7. Bd3 Nf6 8. O-O Be7 9. Re1 O-O 10. c4 Rb8 11. Qc2 h6 12. b3 dxe4 13. Nxe4 Nxe4 14. Bxe4 Bf6 15. Bf4 Bxa1 16. Bxb8 Bd4 17. c5 Qa5 18. Rc1 Bd7 19. Bd6 Rc8 20. h3 e5 21. Bh7+ Kh8 22. Bf5 Qd8 23. g3 g6 24. Bxd7 Qxd7 25. Kg2 Kg7 26. Qe4 Re8 27. Rd1 Qf5 28. Qxf5 gxf5 29. Kf3 Kf6 30. Rc1 Ke6 31. Rc4 Kd5 32. Ra4 Bxc5 33. Bxc5 Kxc5 34. Rxa7 f6 35. Rh7 Kd5 36. Rxh6 Ke6 37. g4 fxg4+ 38. hxg4 Ra8 39. g5 Kf5 40. Rxf6+ Kxg5 41. Rxc6 Rxa2 42. Ke4 Re2+ 43. Kd5 Kf5 44. Rc7 Rd2+ 45. Kc5 Rc2+ 46. Kd6 1/2-1/2

[Event "25th Klatovy A 2017"]
[Site "Klatovy CZE"]
[Date "2017.07.04"]
[Round "4.7"]
[White "Hausner, Ivan"]
[Black "Mulenko, Alexander"]
[Result "1-0"]
[WhiteElo "2363"]
[BlackElo "2050"]
[PlyCount "101"]
[EventDate "2017.07.01"]
[EventType "swiss"]
[EventRounds "9"]
[EventCountry "CZE"]
[SourceTitle "EXT 2018"]
[Source "ChessBase"]
[SourceDate "2017.10.13"]
[SourceVersion "1"]
[SourceVersionDate "2017.10.13"]
[SourceQuality "1"]

1. d4 Nf6 2. c4 e6 3. g3 d5 4. Nf3 Bb4+ 5. Bd2 Be7 6. Bg2 O-O 7. O-O c6 8. Qc2 Nbd7 9. Bf4 Nh5 10. Bc1 Nhf6 11. b3 b6 12. Bb2 Ba6 13. Nbd2 Rc8 14. e4 c5 15. exd5 exd5 16. Rfe1 Re8 17. Rad1 Qc7 18. cxd5 Nxd5 19. Qf5 N5f6 20. Nc4 cxd4 21. Nxd4 Bxc4 22. bxc4 Qxc4 23. Rc1 Qxa2 24. Nc6 Bc5 25. Bxf6 Rxe1+ 26. Rxe1 Qd2 27. Rf1 Rxc6 28. Bxc6 Nxf6 29. Qc8+ Bf8 30. Qb7 Qc2 31. Bf3 Qb3 32. Kg2 a5 33. Rc1 g6 34. Rc6 Qb2 35. Qxb6 Qxb6 36. Rxb6 Kg7 37. Ra6 Bb4 38. Bc6 h5 39. Ra7 Ng4 40. Bd5 Nh6 41. f4 Kf6 42. Kf3 Be1 43. h3 Bd2 44. g4 hxg4+ 45. hxg4 g5 46. f5 Bb4 47. Ra6+ Kg7 48. f6+ Kh7 49. Be4+ Kh8 50. Ra8+ Ng8 51. Bg6 1-0

[Event "25th Klatovy A 2017"]
[Site "Klatovy CZE"]
[Date "2017.07.04"]
[Round "4.8"]
[White "Kozak, Milos"]
[Black "Slovak, Kilian"]
[Result "1/2-1/2"]
[WhiteElo "2138"]
[BlackElo "2254"]
[PlyCount "33"]
[EventDate "2017.07.01"]
[EventType "swiss"]
[EventRounds "9"]
[EventCountry "CZE"]
[SourceTitle "EXT 2018"]
[Source "ChessBase"]
[SourceDate "2017.10.13"]
[SourceVersion "1"]
[SourceVersionDate "2017.10.13"]
[SourceQuality "1"]

1. d4 Nf6 2. c4 g6 3. Nc3 Bg7 4. e4 d6 5. Nf3 O-O 6. Be2 e5 7. O-O exd4 8. Nxd4 Re8 9. f3 c6 10. Kh1 Nh5 11. g4 Nf6 12. Rg1 h5 13. g5 Nh7 14. Be3 Nd7 15. Qd2 Ne5 16. Rad1 Qe7 17. b3 1/2-1/2

[Event "25th Klatovy A 2017"]
[Site "Klatovy CZE"]
[Date "2017.07.04"]
[Round "4.9"]
[White "Burnett, Andrew"]
[Black "Kaderabek, Jiri"]
[Result "1-0"]
[WhiteElo "2211"]
[BlackElo "2137"]
[PlyCount "51"]
[EventDate "2017.07.01"]
[EventType "swiss"]
[EventRounds "9"]
[EventCountry "CZE"]
[SourceTitle "EXT 2018"]
[Source "ChessBase"]
[SourceDate "2017.10.13"]
[SourceVersion "1"]
[SourceVersionDate "2017.10.13"]
[SourceQuality "1"]

1. d4 Nf6 2. c4 c5 3. Nf3 e6 4. Nc3 d5 5. cxd5 exd5 6. g3 Nc6 7. Bg2 Be7 8. O-O O-O 9. Bg5 c4 10. Ne5 Be6 11. f4 Qc8 12. Bxf6 gxf6 13. Nf3 b5 14. f5 Bxf5 15. Nh4 Be6 16. Nxd5 Rd8 17. Nxe7+ Nxe7 18. Bxa8 Qxa8 19. e3 b4 20. Rxf6 Nd5 21. Rxe6 fxe6 22. Qg4+ Kh8 23. Qh5 Qb8 24. Ng6+ Kg8 25. Ne5 Qc7 26. Qg5+ 1-0

[Event "25th Klatovy A 2017"]
[Site "Klatovy CZE"]
[Date "2017.07.04"]
[Round "4.10"]
[White "Jelinek, Michal"]
[Black "Duhayon, Yves"]
[Result "1/2-1/2"]
[WhiteElo "2085"]
[BlackElo "2198"]
[PlyCount "82"]
[EventDate "2017.07.01"]
[EventType "swiss"]
[EventRounds "9"]
[EventCountry "CZE"]
[SourceTitle "EXT 2018"]
[Source "ChessBase"]
[SourceDate "2017.10.13"]
[SourceVersion "1"]
[SourceVersionDate "2017.10.13"]
[SourceQuality "1"]

1. d4 Nf6 2. c4 e6 3. Nc3 Bb4 4. Nf3 d5 5. cxd5 exd5 6. Bg5 O-O 7. e3 Nbd7 8. Bd3 c5 9. O-O c4 10. Bb1 Qa5 11. Qc2 Bxc3 12. Qxc3 Qxc3 13. bxc3 Re8 14. Nd2 a5 15. Bc2 b5 16. Rfb1 Rb8 17. a3 Rb7 18. Rb2 Re6 19. Rab1 Reb6 20. f3 h6 21. Bh4 g5 22. Bf2 Nb8 23. e4 Be6 24. Nxc4 dxc4 25. d5 Bd7 26. Bxb6 Rxb6 27. Ba4 b4 28. Bxd7 Nbxd7 29. axb4 axb4 30. Rxb4 Ra6 31. Rxc4 Ra2 32. g3 Ne5 33. Rc8+ Kg7 34. Rf1 g4 35. fxg4 Nxe4 36. Re8 f6 37. Re7+ Kg6 38. Re6 Kg7 39. Re7+ Kg6 40. Re6 Kg7 41. Re7+ Kg6 1/2-1/2

[Event "25th Klatovy A 2017"]
[Site "Klatovy CZE"]
[Date "2017.07.04"]
[Round "4.11"]
[White "Hadraba, Vladimir"]
[Black "Kopriva, Martin"]
[Result "1-0"]
[WhiteElo "2197"]
[BlackElo "2061"]
[PlyCount "94"]
[EventDate "2017.07.01"]
[EventType "swiss"]
[EventRounds "9"]
[EventCountry "CZE"]
[SourceTitle "EXT 2018"]
[Source "ChessBase"]
[SourceDate "2017.10.13"]
[SourceVersion "1"]
[SourceVersionDate "2017.10.13"]
[SourceQuality "1"]

1. d4 g6 2. c4 Bg7 3. Nc3 d6 4. e4 Nf6 5. Nf3 O-O 6. Be2 e5 7. O-O Nc6 8. d5 Ne7 9. Ne1 Ne8 10. Nd3 f5 11. Bd2 Nf6 12. f3 f4 13. c5 g5 14. cxd6 cxd6 15. Nf2 h5 16. h3 Rf7 17. a4 Bf8 18. Nb5 Ng6 19. Rc1 Nh4 20. Qc2 g4 21. hxg4 hxg4 22. fxg4 Nh5 23. Nh1 Rg7 24. Qd1 Nxg2 25. Rxc8 Rxc8 26. Kxg2 Qh4 27. Bf3 Ng3 28. Rg1 Nxe4 29. Bxe4 Rxg4+ 30. Qxg4+ Qxg4+ 31. Kf1 Qxg1+ 32. Kxg1 Rc4 33. Nc3 a6 34. Nf2 Be7 35. Kg2 Bh4 36. Kf3 b5 37. axb5 axb5 38. Nxb5 Bxf2 39. Nxd6 Rd4 40. Bc3 Bg1 41. Bxd4 Bxd4 42. b3 Kf8 43. Bd3 Be3 44. Ke4 Ke7 45. Nc4 Kf6 46. Be2 Bd4 47. b4 f3 1-0

[Event "25th Klatovy A 2017"]
[Site "Klatovy CZE"]
[Date "2017.07.04"]
[Round "4.12"]
[White "Dolansky, Lukas"]
[Black "Vorisek, Jaroslav"]
[Result "0-1"]
[WhiteElo "2065"]
[BlackElo "2185"]
[PlyCount "94"]
[EventDate "2017.07.01"]
[EventType "swiss"]
[EventRounds "9"]
[EventCountry "CZE"]
[SourceTitle "EXT 2018"]
[Source "ChessBase"]
[SourceDate "2017.10.13"]
[SourceVersion "1"]
[SourceVersionDate "2017.10.13"]
[SourceQuality "1"]

1. e4 e5 2. Nf3 Nc6 3. d4 exd4 4. Nxd4 Bc5 5. Be3 Qf6 6. c3 Nge7 7. Bc4 Ne5 8. Be2 Qg6 9. O-O d6 10. f3 O-O 11. Kh1 Bb6 12. Nd2 f5 13. Qb3+ Kh8 14. a4 fxe4 15. fxe4 Bg4 16. Bxg4 Nxg4 17. Bg1 Nc6 18. Qb5 Rae8 19. Rxf8+ Rxf8 20. Rf1 Rxf1 21. Qxf1 Nf6 22. Nb5 Qg5 23. Bxb6 axb6 24. Qe2 Ne8 25. g3 Ne5 26. Kg2 g6 27. Nf3 Qg4 28. h3 Qe6 29. Nxe5 dxe5 30. c4 Kg7 31. b3 c6 32. Nc3 Qd6 33. Nd1 Qd4 34. Nf2 Nf6 35. Kf3 Nd7 36. Qc2 Nc5 37. Nd1 Ne6 38. Nf2 Ng5+ 39. Ke2 h5 40. h4 Ne6 41. Qd3 Qb2+ 42. Ke3 Nd4 43. g4 Qc1+ 44. Qd2 Qg1 45. Kd3 hxg4 46. Kc3 Qa1+ 47. Kb4 c5# 0-1

[Event "25th Klatovy A 2017"]
[Site "Klatovy CZE"]
[Date "2017.07.04"]
[Round "4.13"]
[White "Furman, Boris"]
[Black "Hajek, Jiri2"]
[Result "1-0"]
[WhiteElo "2177"]
[BlackElo "2013"]
[PlyCount "75"]
[EventDate "2017.07.01"]
[EventType "swiss"]
[EventRounds "9"]
[EventCountry "CZE"]
[SourceTitle "EXT 2018"]
[Source "ChessBase"]
[SourceDate "2017.10.13"]
[SourceVersion "1"]
[SourceVersionDate "2017.10.13"]
[SourceQuality "1"]

1. d4 Nf6 2. c4 g6 3. Nc3 Bg7 4. Nf3 O-O 5. Bg5 c5 6. d5 b5 7. Nxb5 Ne4 8. Bc1 Qa5+ 9. Nd2 Ba6 10. g3 e6 11. Bg2 exd5 12. O-O Bxb5 13. cxb5 Qxb5 14. Nxe4 dxe4 15. Bxe4 Nc6 16. Qxd7 Rac8 17. Bg5 h6 18. Be7 Rfe8 19. Bd5 Nd4 20. Qxa7 Be5 21. a4 Qb8 22. Bxc5 Nxe2+ 23. Kg2 Qxa7 24. Bxa7 Bxb2 25. Rae1 Nc3 26. Bb3 Ra8 27. Rxe8+ Rxe8 28. a5 Re5 29. Bb6 Rb5 30. Bc4 Rb4 31. Bd3 Nd5 32. Bc5 Rb3 33. Rd1 Rc3 34. Bd4 Rb3 35. Bc4 Nc3 36. Bxb3 Nxd1 37. Bxb2 Nxb2 38. a6 1-0

[Event "25th Klatovy A 2017"]
[Site "Klatovy CZE"]
[Date "2017.07.04"]
[Round "4.14"]
[White "Nemec, David"]
[Black "Palek, Miroslav"]
[Result "1-0"]
[WhiteElo "2043"]
[BlackElo "2174"]
[PlyCount "61"]
[EventDate "2017.07.01"]
[EventType "swiss"]
[EventRounds "9"]
[EventCountry "CZE"]
[SourceTitle "EXT 2018"]
[Source "ChessBase"]
[SourceDate "2017.10.13"]
[SourceVersion "1"]
[SourceVersionDate "2017.10.13"]
[SourceQuality "1"]

1. d4 Nf6 2. c4 c5 3. e3 g6 4. Nc3 Bg7 5. Nf3 O-O 6. Bd3 b6 7. O-O Bb7 8. d5 d6 9. e4 Nbd7 10. h3 a6 11. a4 Ne8 12. Nh2 Nc7 13. f4 b5 14. axb5 axb5 15. Rxa8 Qxa8 16. cxb5 Nb6 17. Qe2 c4 18. Bxc4 Nxc4 19. Qxc4 Rc8 20. Qe2 Qa5 21. f5 Qb4 22. Ng4 Nxb5 23. f6 Nd4 24. Qf2 exf6 25. Nxf6+ Kh8 26. Qh4 h5 27. Nxh5 Nf5 28. Rxf5 Bd4+ 29. Kh1 Kg8 30. Nf6+ Kf8 31. Bh6+ 1-0

[Event "25th Klatovy A 2017"]
[Site "Klatovy CZE"]
[Date "2017.07.04"]
[Round "4.15"]
[White "Strnad, Jakub"]
[Black "Zeman, Matyas"]
[Result "1/2-1/2"]
[WhiteElo "1980"]
[BlackElo "2166"]
[PlyCount "75"]
[EventDate "2017.07.01"]
[EventType "swiss"]
[EventRounds "9"]
[EventCountry "CZE"]
[SourceTitle "EXT 2018"]
[Source "ChessBase"]
[SourceDate "2017.10.13"]
[SourceVersion "1"]
[SourceVersionDate "2017.10.13"]
[SourceQuality "1"]

1. e4 e6 2. d4 d5 3. Nc3 Bb4 4. e5 b6 5. a3 Bf8 6. Nce2 Ba6 7. Nf3 c5 8. c3 Qd7 9. Be3 Nc6 10. Ng3 Bxf1 11. Nxf1 c4 12. Ng3 Be7 13. O-O h5 14. h4 O-O-O 15. Ng5 Bxg5 16. Bxg5 f6 17. exf6 gxf6 18. Be3 Nge7 19. Nxh5 Nf5 20. g3 Qf7 21. Nf4 Rdg8 22. Ng2 Nxe3 23. Nxe3 Rxh4 24. Kg2 f5 25. f4 Ne7 26. Qf3 Ng6 27. Kf2 Rh2+ 28. Ng2 Qh7 29. Rae1 Qh3 30. Rg1 Kd7 31. b3 cxb3 32. c4 Ne7 33. Qxb3 dxc4 34. Qa4+ Kd8 35. Re3 Nd5 36. Qc6 Nxe3 37. Qd6+ Kc8 38. Qc6+ 1/2-1/2

[Event "25th Klatovy A 2017"]
[Site "Klatovy CZE"]
[Date "2017.07.04"]
[Round "4.16"]
[White "Hurdzan, Tomas"]
[Black "Kostelecky, Daniel"]
[Result "1-0"]
[WhiteElo "2164"]
[BlackElo "1908"]
[PlyCount "51"]
[EventDate "2017.07.01"]
[EventType "swiss"]
[EventRounds "9"]
[EventCountry "CZE"]
[SourceTitle "EXT 2018"]
[Source "ChessBase"]
[SourceDate "2017.10.13"]
[SourceVersion "1"]
[SourceVersionDate "2017.10.13"]
[SourceQuality "1"]

1. e4 c5 2. Nf3 Nc6 3. d4 cxd4 4. Nxd4 e5 5. Nb5 d6 6. c4 a6 7. N5c3 Nge7 8. g3 Be6 9. Nd5 b5 10. cxb5 Nd4 11. Nbc3 Nxd5 12. exd5 Bf5 13. Bd3 Qd7 14. Bxf5 Qxf5 15. O-O Be7 16. bxa6 O-O 17. Be3 Nf3+ 18. Kg2 e4 19. a7 g5 20. Nxe4 Nh4+ 21. gxh4 Qxe4+ 22. Qf3 Qxh4 23. Qf5 Kh8 24. Rac1 Rg8 25. Rc7 Rae8 26. Rxe7 1-0

[Event "25th Klatovy A 2017"]
[Site "Klatovy CZE"]
[Date "2017.07.04"]
[Round "4.17"]
[White "Bujnoch, Radek"]
[Black "Ruzickova, Radka"]
[Result "1-0"]
[WhiteElo "2261"]
[BlackElo "1836"]
[PlyCount "57"]
[EventDate "2017.07.01"]
[EventType "swiss"]
[EventRounds "9"]
[EventCountry "CZE"]
[SourceTitle "EXT 2018"]
[Source "ChessBase"]
[SourceDate "2017.10.13"]
[SourceVersion "1"]
[SourceVersionDate "2017.10.13"]
[SourceQuality "1"]

1. e4 e6 2. d4 d5 3. Nd2 Nf6 4. e5 Nfd7 5. Bd3 c5 6. c3 Nc6 7. Ne2 Qb6 8. Nf3 cxd4 9. cxd4 f6 10. exf6 Nxf6 11. O-O Bd6 12. b3 Bd7 13. Bf4 Nb4 14. Bb1 Bb5 15. Bxd6 Qxd6 16. a3 Nc6 17. Re1 O-O 18. Nc3 Ba6 19. Ne5 Ne7 20. b4 Rac8 21. Re3 Bc4 22. Qe1 Nf5 23. Nxc4 dxc4 24. Rxe6 Qf4 25. Rxf6 Rxf6 26. Nd5 Qxd4 27. Bxf5 Rcf8 28. Nxf6+ gxf6 29. Rd1 1-0

[Event "25th Klatovy A 2017"]
[Site "Klatovy CZE"]
[Date "2017.07.04"]
[Round "4.18"]
[White "Kucera, Tomas"]
[Black "Bartos, Jan"]
[Result "1/2-1/2"]
[WhiteElo "1993"]
[BlackElo "2189"]
[PlyCount "83"]
[EventDate "2017.07.01"]
[EventType "swiss"]
[EventRounds "9"]
[EventCountry "CZE"]
[SourceTitle "EXT 2018"]
[Source "ChessBase"]
[SourceDate "2017.10.13"]
[SourceVersion "1"]
[SourceVersionDate "2017.10.13"]
[SourceQuality "1"]

1. e4 g6 2. d4 Bg7 3. Nc3 d6 4. Be3 a6 5. Be2 b5 6. a3 Bb7 7. Qd2 Nd7 8. f4 Ngf6 9. Bf3 e6 10. Nge2 c5 11. dxc5 Nxc5 12. Ng3 h5 13. e5 Nfd7 14. Qxd6 Bxf3 15. gxf3 Bf8 16. Qd2 Nb6 17. Qxd8+ Rxd8 18. Nge4 Nxe4 19. Bxb6 Rb8 20. Ba7 Rb7 21. Nxe4 Rxa7 22. O-O-O Bh6 23. Ng5 Ke7 24. Rd6 Rc8 25. c3 Rc5 26. h4 Bxg5 27. hxg5 Rc4 28. Rh4 a5 29. Rb6 Rc5 30. Rh2 Rd7 31. Rd2 Rcd5 32. Rf2 a4 33. Kc2 Rc5 34. Rd2 Rcd5 35. Rf2 Kf8 36. Rb8+ Kg7 37. Rh2 Rc5 38. Rb6 Rdd5 39. Rb8 Rc4 40. Rh4 Rc7 41. Rh2 Rc4 42. Rh4 1/2-1/2

[Event "25th Klatovy A 2017"]
[Site "Klatovy CZE"]
[Date "2017.07.04"]
[Round "4.19"]
[White "Chmel, Kristian"]
[Black "Zizka, Petr"]
[Result "1-0"]
[WhiteElo "2128"]
[BlackElo "1966"]
[PlyCount "55"]
[EventDate "2017.07.01"]
[EventType "swiss"]
[EventRounds "9"]
[EventCountry "CZE"]
[SourceTitle "EXT 2018"]
[Source "ChessBase"]
[SourceDate "2017.10.13"]
[SourceVersion "1"]
[SourceVersionDate "2017.10.13"]
[SourceQuality "1"]

1. e4 c5 2. Nf3 Nc6 3. Bb5 g6 4. O-O Bg7 5. Re1 Nf6 6. c3 Qb6 7. Bf1 d6 8. h3 O-O 9. d3 a6 10. a4 Bd7 11. Na3 Qc7 12. Bg5 Rab8 13. Nc4 b5 14. axb5 axb5 15. Ne3 e6 16. Nh2 b4 17. Rc1 Rb7 18. f4 Rfb8 19. Nhg4 Ne8 20. f5 bxc3 21. bxc3 Na5 22. Qf3 Nb3 23. Rc2 Ba4 24. Rce2 Nd2 25. Rxd2 Bxc3 26. fxe6 fxe6 27. Rf2 Ng7 28. Nh6+ 1-0

[Event "25th Klatovy A 2017"]
[Site "Klatovy CZE"]
[Date "2017.07.04"]
[Round "4.20"]
[White "Skopec, Lubos"]
[Black "Molkanov, Oleg 2001"]
[Result "1-0"]
[WhiteElo "1972"]
[BlackElo "2117"]
[PlyCount "47"]
[EventDate "2017.07.01"]
[EventType "swiss"]
[EventRounds "9"]
[EventCountry "CZE"]
[SourceTitle "EXT 2018"]
[Source "ChessBase"]
[SourceDate "2017.10.13"]
[SourceVersion "1"]
[SourceVersionDate "2017.10.13"]
[SourceQuality "1"]

1. e4 c6 2. d4 d5 3. Nc3 dxe4 4. Nxe4 Bf5 5. Ng3 Bg6 6. h4 h6 7. Nf3 Nd7 8. h5 Bh7 9. Bd3 Bxd3 10. Qxd3 e6 11. Bd2 Ngf6 12. O-O-O Bd6 13. Ne4 Nxe4 14. Qxe4 Nf6 15. Qe2 Qc7 16. Ne5 Nd7 17. f4 Bxe5 18. dxe5 O-O-O 19. Be3 Qa5 20. Rd3 Qb5 21. Rhd1 a5 22. Qd2 c5 23. Bxc5 Qxc5 24. Rc3 1-0

[Event "25th Klatovy A 2017"]
[Site "Klatovy CZE"]
[Date "2017.07.04"]
[Round "4.21"]
[White "Pick, Stepan"]
[Black "Pavlicek, Petr"]
[Result "1-0"]
[WhiteElo "2105"]
[BlackElo "1899"]
[PlyCount "101"]
[EventDate "2017.07.01"]
[EventType "swiss"]
[EventRounds "9"]
[EventCountry "CZE"]
[SourceTitle "EXT 2018"]
[Source "ChessBase"]
[SourceDate "2017.10.13"]
[SourceVersion "1"]
[SourceVersionDate "2017.10.13"]
[SourceQuality "1"]

1. Nf3 Nf6 2. c4 g6 3. Nc3 d5 4. cxd5 Nxd5 5. e4 Nxc3 6. bxc3 Bg7 7. d4 c5 8. Be3 Nc6 9. Rc1 Qa5 10. d5 Ne5 11. Nxe5 Bxe5 12. Qd2 O-O 13. f4 Bg7 14. Bd3 Rd8 15. c4 Qxd2+ 16. Kxd2 b6 17. Ke2 e6 18. Kf2 f6 19. Rhd1 Kf7 20. Be2 Ke7 21. g4 Bb7 22. Bf3 e5 23. Kg2 Kd6 24. Rf1 Rf8 25. Rf2 h6 26. h4 Rad8 27. Rcf1 Bc8 28. Be2 Ke7 29. Kg3 Ba6 30. Bd3 Kd6 31. a4 Rb8 32. Rb1 Kc7 33. fxe5 fxe5 34. Rfb2 Rfd8 35. a5 Rb7 36. Bd2 Rdb8 37. axb6+ axb6 38. Be3 Kd6 39. Ra2 Ra8 40. Rba1 Rba7 41. g5 h5 42. Bf1 Bh8 43. Bh3 Bg7 44. Kf2 Bh8 45. Ke1 Bg7 46. Kd2 Bh8 47. Kc3 Bg7 48. Be6 Ke7 49. Rf2 Rf8 50. Rxf8 Kxf8 51. Bc8 1-0

[Event "25th Klatovy A 2017"]
[Site "Klatovy CZE"]
[Date "2017.07.04"]
[Round "4.22"]
[White "Kotal, Vaclav"]
[Black "Nagy, Ladislav1"]
[Result "1/2-1/2"]
[WhiteElo "2070"]
[BlackElo "1812"]
[PlyCount "110"]
[EventDate "2017.07.01"]
[EventType "swiss"]
[EventRounds "9"]
[EventCountry "CZE"]
[SourceTitle "EXT 2018"]
[Source "ChessBase"]
[SourceDate "2017.10.13"]
[SourceVersion "1"]
[SourceVersionDate "2017.10.13"]
[SourceQuality "1"]

1. e4 c5 2. Nf3 e6 3. d4 cxd4 4. Nxd4 a6 5. Nc3 Qc7 6. Bd3 b5 7. O-O Bb7 8. Qe2 Nc6 9. Nxc6 Qxc6 10. f3 Bc5+ 11. Kh1 Ne7 12. e5 Ng6 13. f4 O-O 14. Ne4 Be7 15. Bd2 f5 16. exf6 Bxf6 17. Rf3 Bxb2 18. Raf1 e5 19. f5 Nf4 20. Bxf4 exf4 21. Rxf4 Rae8 22. Qh5 Qh6 23. Qxh6 gxh6 24. Nd6 Rb8 25. Nxb7 Rxb7 26. a4 Rf6 27. axb5 axb5 28. Rb4 Bc3 29. Rxb5 Rxb5 30. Bxb5 Rd6 31. Bd3 Rb6 32. g4 Kf7 33. Kg2 Kf6 34. Rf3 Be5 35. Rh3 Bf4 36. Rf3 Be5 37. Re3 Rb4 38. h3 d6 39. Re1 Kg5 40. Rf1 Kf6 41. Rf2 Rb1 42. Bc4 Re1 43. Bg8 Re3 44. Rf3 Re2+ 45. Rf2 Re3 46. Bxh7 Rg3+ 47. Kf1 Rxh3 48. Rg2 Rg3 49. Rxg3 Bxg3 50. Kg2 Be5 51. Kf3 Bh2 52. Bg6 Be5 53. Ke4 Bh2 54. c4 Bg3 55. Kd5 Bh2 1/2-1/2

[Event "25th Klatovy A 2017"]
[Site "Klatovy CZE"]
[Date "2017.07.04"]
[Round "4.23"]
[White "Svanda, Ondrej"]
[Black "Fox, Pierre"]
[Result "1-0"]
[WhiteElo "2061"]
[BlackElo "1761"]
[PlyCount "97"]
[EventDate "2017.07.01"]
[EventType "swiss"]
[EventRounds "9"]
[EventCountry "CZE"]
[SourceTitle "EXT 2018"]
[Source "ChessBase"]
[SourceDate "2017.10.13"]
[SourceVersion "1"]
[SourceVersionDate "2017.10.13"]
[SourceQuality "1"]

1. e4 e5 2. Nf3 Nc6 3. d4 exd4 4. Bc4 Nf6 5. e5 Ng4 6. Qe2 Qe7 7. Bf4 f6 8. exf6 Qxe2+ 9. Bxe2 Nxf6 10. Nbd2 Bb4 11. O-O-O d6 12. Nb3 Bd7 13. Nfxd4 O-O-O 14. a3 Nxd4 15. Rxd4 Bc5 16. Nxc5 dxc5 17. Rdd1 Rde8 18. Rhe1 Ne4 19. Be3 Rhf8 20. Bf3 b6 21. h4 Bc6 22. Bg4+ Kb7 23. f3 Ng3 24. Bd7 Bxd7 25. Rxd7 Nf5 26. Bf2 Kc6 27. Rdd1 h5 28. c3 Rd8 29. Rxd8 Rxd8 30. g4 hxg4 31. fxg4 Nd6 32. Bg3 Re8 33. Rxe8 Nxe8 34. Kd2 Nf6 35. Be5 Nxg4 36. Bxg7 Kd5 37. Ke2 Ke4 38. a4 a6 39. h5 Kf5 40. h6 Kg6 41. Kf3 Nxh6 42. Bxh6 Kxh6 43. Ke4 Kg5 44. Kd5 Kf5 45. Kc6 Ke5 46. Kxc7 Kd5 47. Kxb6 a5 48. Kxa5 Kc6 49. c4 1-0